Hats Of You Inspiring Stories Of Common People With An Uncommon Side (Record no. 41382)

MARC details
000 -LEADER
fixed length control field 00392nam a2200133Ia 4500
008 - FIXED-LENGTH DATA ELEMENTS--GENERAL INFORMATION
fixed length control field 240719s9999 xx 000 0 und d
041 ## - LANGUAGE CODE
Language code of text/sound track or separate title eng
082 ## - DEWEY DECIMAL CLASSIFICATION NUMBER
Classification number 823 DES
100 ## - MAIN ENTRY--PERSONAL NAME
Personal name Deshmukh Sushma
245 ## - TITLE STATEMENT
Title Hats Of You Inspiring Stories Of Common People With An Uncommon Side
260 ## - PUBLICATION, DISTRIBUTION, ETC.
Place of publication, distribution, etc. NAGPUR
Name of publisher, distributor, etc. SAROJINI PUBLICATION
Date of publication, distribution, etc. 2018
300 ## - PHYSICAL DESCRIPTION
Extent 223;. P. 22 Cm
520 ## - SUMMARY, ETC.
Summary, etc. Gifted By : IMT Faculty
Holdings
Withdrawn status Lost status Damaged status Not for loan Home library Current library Shelving location Date acquired Cost, normal purchase price Total Checkouts Full call number Barcode Date due Date last seen Date last checked out Price effective from Koha item type Public note
        IMTN IMTN Rack 40-A 07/16/2023 250.00 4 823 DES 33077 01/22/2026 01/12/2026 01/12/2026 07/19/2024 Books Gifted
Designed & Maintained by: LRC IMT Nagpur Contact: lrc@imtnag.ac.in© 2024. All Rights Reserved.